[Event "23rd World Seniors 2013"]
[Site "Opatija CRO"]
[Date "2013.11.13"]
[Round "2.76"]
[White "Neumann,Ho"]
[Black "Batakovs,O"]
[Result "0-1"]
[WhiteElo "1929"]
[BlackElo "2075"]

1.e4 c5 2.c3 Nf6 3.e5 Nd5 4.d4 cxd4 5.Qxd4 e6 6.Nf3 Nc6 7.Qe4 d6 8.Bb5 Bd7
9.Bxc6 Bxc6 10.Qd3 Nb6 11.Bf4 dxe5 12.Qxd8+ Rxd8 13.Bxe5 Bxf3 14.gxf3 Nc4
15.Bd4 Nxb2 16.Nd2 b6 17.Ke2 Na4 18.Rhg1 f6 19.f4 Kf7 20.Ne4 Be7 21.h4 Rd5
22.Rac1 Rf5 23.Be3 Rd8 24.Rcd1 Rfd5 25.Rd4 Nxc3+ 26.Nxc3 Rxd4 27.Bxd4 Rxd4  0-1

[Event "23rd World Seniors 2013"]
[Site "Opatija CRO"]
[Date "2013.11.13"]
[Round "2.64"]
[White "Waisberg,A"]
[Black "Samartsev,A"]
[Result "0-1"]
[WhiteElo "1971"]
[BlackElo "2160"]

1.e4 c5 2.c3 Nf6 3.e5 Nd5 4.d4 cxd4 5.Qxd4 e6 6.Nf3 Nc6 7.Qe4 d6 8.Be2 Qc7
9.c4 Ncb4 10.exd6 Bxd6 11.Na3 a6 12.O-O  0-1

[Event "10th European Teams w"]
[Site "Warsaw POL"]
[Date "2013.11.17"]
[Round "9.16"]
[White "Dolzhikova,O"]
[Black "Tuominen,T"]
[Result "1-0"]
[WhiteElo "2198"]
[BlackElo "2105"]

1.e4 c5 2.c3 Nf6 3.e5 Nd5 4.d4 cxd4 5.Qxd4 e6 6.Nf3 Nc6 7.Qe4 d6 8.Bb5 Bd7
9.c4 Nb6 10.exd6 Bxd6 11.O-O a6 12.Rd1 Qc7 13.Nc3 O-O 14.Be3 Bb4 15.Bxb6 Qxb6
16.Rxd7 axb5 17.Ng5 g6 18.Nxb5 Bc5 19.Qh4 h5 20.Ne4 Rfd8 21.Qf4 Ne7 22.b4 Bxb4
23.Qh6 f6 24.Rad1 e5 25.h3 Rxd7 26.Rxd7 Qc6 27.Rxe7 Bxe7 28.Qxg6+ Kf8 29.Nbd6 Bxd6
30.Qxf6+ Kg8 31.Nxd6 Qd7 32.Qxe5 Rxa2 33.c5 Rc2 34.Qxh5 Qg7 35.Qe8+ Kh7 36.Qe4+ Qg6
37.Qxb7+ Kh6 38.Nf7+ Kh5 39.Qf3+ Kh4 40.Kh2  1-0

[Event "British Rapidplay 2013"]
[Site "Leeds ENG"]
[Date "2013.11.23"]
[Round "3.3"]
[White "Surtees,M"]
[Black "Ghasi,A"]
[Result "0-1"]
[WhiteElo "2091"]
[BlackElo "2466"]

1.e4 c5 2.c3 Nf6 3.d3 Nc6 4.f4 d5 5.e5 Ng8 6.Be2 Bf5 7.g4 Bd7 8.Bf3 e6 9.h4 h5
10.g5 g6 11.Ne2 Nge7 12.Ng3 Bg7 13.Nd2 b5 14.Nb3 c4 15.Nc5 cxd3 16.Qxd3 Qc7
17.Nxd7 Qxd7 18.Be3 Rc8 19.Kf2 b4 20.Rac1 bxc3 21.bxc3 O-O 22.c4 Rfd8 23.Rhd1 Rb8
24.Rb1 Bxe5 25.fxe5 Nxe5 26.Qe2 Rxb1 27.Rxb1 Nxc4 28.Bd4 Nc6 29.Bf6 Rb8 30.Rxb8+ Nxb8
31.Bxh5 Qd6 32.Bf3 Nd7 33.h5 gxh5 34.Nxh5 Qh2+ 35.Bg2 Qh4+ 36.Ng3 Nxf6 37.gxf6 Qxf6+
38.Kg1 Qd4+ 39.Kh2 Ne3 40.Bh3 Qf4 41.Qb2 Kh7 42.Qb1+ f5 43.Qg1 d4 44.Kh1 Qf3+
45.Kh2 Qf4 46.Kh1 d3 47.Qh2 Kg8 48.Qg1 Kf7 49.Qb1 Qf3+ 50.Kh2 Qf2+ 51.Kh1 Qxg3
52.Qb7+ Kg6  0-1

[Event "10th Vasylyshyn Memorial GM"]
[Site "Lviv UKR"]
[Date "2013.11.23"]
[Round "5"]
[White "Boricsev,O"]
[Black "Golichenko,I"]
[Result "1/2-1/2"]
[WhiteElo "2355"]
[BlackElo "2451"]

1.e4 c5 2.c3 Nf6 3.e5 Nd5 4.d4 cxd4 5.Nf3 Nc6 6.Bc4 Nb6 7.Bb3 d6 8.exd6 Qxd6
9.O-O Be6 10.Na3 a6 11.Ng5  1/2-1/2

[Event "XXVII Belgrade Trophy"]
[Site "Obrenovac SRB"]
[Date "2013.11.24"]
[Round "1.9"]
[White "Bojanic,D"]
[Black "Todorovic,GM"]
[Result "0-1"]
[WhiteElo "2018"]
[BlackElo "2480"]

1.e4 c5 2.c3 Nf6 3.e5 Nd5 4.d4 cxd4 5.cxd4 e6 6.Nf3 b6 7.Nc3 Nxc3 8.bxc3 Qc7
9.Bd2 Bb7 10.Bd3 d6 11.O-O Nd7 12.exd6 Bxd6 13.h3 O-O 14.Re1 Bf4 15.Bxf4 Qxf4
16.Qd2 Qxd2 17.Nxd2 Rac8 18.Rac1 Rfd8 19.Ne4 Rc7 20.f4 Bxe4 21.Bxe4 Rdc8
22.Re3 Nf6 23.Bf3 Rc4 24.f5 exf5 25.Re7 Rxc3 26.Rxc3 Rxc3 27.Rxa7 g5 28.Ra6 Rc1+
29.Kf2 Rc2+ 30.Ke3 g4 31.hxg4 fxg4 32.Bb7 Rb2 33.a4 Kg7 34.Bc6 Kg6 35.d5 Kf5
36.Ra7 Ke5 37.Rxf7 Nxd5+ 38.Bxd5 Kxd5 39.Rxh7 Rxg2 40.Rh5+ Kc6 41.Rg5 g3
42.Kf3 Ra2 43.Kxg3 Rxa4 44.Kf2 Re4 45.Kf3 Re6 46.Kf2 b5 47.Rg1 Kc5 48.Rc1+ Kd4
49.Rb1 Kc4 50.Rc1+ Kd3 51.Rb1 Re5 52.Kf3 Kc2 53.Ra1 b4 54.Ra8 b3 55.Rc8+ Kd3
56.Rb8 Kc3 57.Rc8+ Kb4 58.Rb8+ Rb5  0-1

[Event "XXVII Belgrade Trophy"]
[Site "Obrenovac SRB"]
[Date "2013.11.24"]
[Round "1.21"]
[White "Katic,G"]
[Black "Rajkovic,Du"]
[Result "1/2-1/2"]
[WhiteElo "1963"]
[BlackElo "2389"]

1.e4 c5 2.c3 Nf6 3.e5 Nd5 4.d4 cxd4 5.Nf3 e6 6.cxd4 d6 7.Bd3 Bd7 8.O-O Bc6
9.Nc3 Nxc3 10.bxc3 Nd7 11.exd6 Bxd6 12.Be3 O-O 13.Qe2 Rc8 14.c4 h6 15.h3 b6
16.Rac1 Re8 17.Rfd1 Bb8 18.Ne5 Nxe5 19.dxe5 Qh4 20.c5 Bd5 21.cxb6 Rxc1 22.Rxc1 axb6
23.f4 g5 24.fxg5 Bxe5 25.gxh6 f5 26.Qf2 Qxf2+ 27.Kxf2 Ra8 28.Rc2 Ra3 29.Be2 Kh7
30.Bxb6 Bg3+ 31.Kf1 Kxh6 32.Bc7 Bxc7 33.Rxc7 Rxa2 34.Bf3 Bxf3 35.gxf3 Rh2  1/2-1/2

[Event "TCh-SWE Elitserien 2013-14"]
[Site "Sweden SWE"]
[Date "2013.11.24"]
[Round "3.5"]
[White "Johansson,Th2"]
[Black "Penalver,O"]
[Result "1/2-1/2"]
[WhiteElo "2184"]
[BlackElo "2258"]

1.e4 c5 2.c3 Nf6 3.e5 Nd5 4.g3 Nc6 5.Bg2 e6 6.Nf3 d6 7.exd6 Bxd6 8.O-O O-O
9.d4 h6 10.Re1 cxd4 11.Nxd4 Nce7 12.Nd2 a6 13.Ne4 Be5 14.Nf3 Bc7 15.c4 Nb4
16.Qb3 a5 17.Be3 Qd3 18.Bc5 Qxb3 19.axb3 Nbc6 20.Nd6 Bxd6 21.Bxd6 Rd8 22.Red1 Nf5
23.Bc5 Rxd1+ 24.Rxd1 e5 25.g4 Nfd4 26.Nxd4 exd4 27.Bxc6 bxc6 28.Rxd4 Be6
29.f3 Rb8 30.b4 axb4 31.b3 Ra8 32.Rd3 Ra1+ 33.Kg2 Rb1 34.h3 g5 35.Bxb4 Bxc4
36.Rd8+ Kh7 37.Bc3 Rxb3 38.Rh8+ Kg6 39.Rg8+ Kh7 40.Rh8+ Kg6 41.Rg8+ Kh7 42.Rg7+ Kh8
43.Bf6 Bd5 44.Rxg5+ Kh7 45.Rf5 Kg6 46.Bd8 Rd3 47.Be7 Be6 48.Rf6+ Kg7 49.Rf4 Bd5
50.h4 Rb3 51.h5 Rd3 52.Kf2 Rb3 53.Rf5 Be6 54.Bf6+ Kh7 55.Rc5 Bd5 56.Bc3 Rb5
57.Rxb5 cxb5  1/2-1/2

[Event "9th Ugra Governor's Cup"]
[Site "Khanty-Mansiysk RUS"]
[Date "2013.11.28"]
[Round "1.13"]
[White "Belyakov,B"]
[Black "Bocharov,D"]
[Result "0-1"]
[WhiteElo "2454"]
[BlackElo "2602"]

1.e4 c5 2.c3 Nf6 3.e5 Nd5 4.Nf3 Nc6 5.Bc4 Nb6 6.Bb3 c4 7.Bc2 Qc7 8.O-O Nxe5
9.Nxe5 Qxe5 10.Re1 Qc7 11.a4 e6 12.d3 cxd3 13.Qxd3 Be7 14.Na3 a6 15.Be3 Nd5
16.Bd2 b6 17.Re4 Bb7 18.Rc4 Qd8 19.Re1 f5 20.Bb3 O-O 21.Nc2 Kh8 22.Qh3 Bg5
23.Rd4 Bxd2 24.Rxd2 Nf4 25.Qg3 Nxg2 26.Red1 f4 27.Qg4 Nh4 28.Ne1 d5 29.Bc2 Qf6
30.Rd3 e5 31.Rh3 g5 32.Ng2 Bc8 33.Qh5 Qg7 34.Bxh7 Qxh7 35.Rxh4 gxh4 36.Qxe5+ Qg7
37.Qh5+ Qh7 38.Qe5+ Qg7 39.Qh5+ Kg8 40.Qxd5+ Kh7 41.Kf1 Bh3 42.Qh5+ Qh6  0-1

[Event "TCh-AUT 2nd West 2013-14"]
[Site "Austria AUT"]
[Date "2013.11.30"]
[Round "4.5"]
[White "Atlas,D"]
[Black "Kupfner,F"]
[Result "0-1"]
[WhiteElo "2216"]
[BlackElo "2172"]

1.e4 c5 2.c3 Nf6 3.e5 Nd5 4.Nf3 Nc6 5.Bc4 Nb6 6.Bb3 d5 7.exd6 e6 8.Na3 Bxd6
9.d4 cxd4 10.Nb5 Be7 11.Nfxd4 Nxd4 12.Qxd4 Qxd4 13.cxd4 O-O 14.Bf4 Bb4+ 15.Nc3 Bd7
16.O-O Bc6 17.a3 Be7 18.Rad1 Rac8 19.Rfe1 Bf6 20.Be5 Rfd8 21.f4 Nd5 22.Bxd5 Bxd5
23.Bxf6 gxf6 24.Re3 f5 25.Re5 Bb3 26.Rd2 Rd7 27.Kf2 b6 28.Re3 Rcd8 29.Rg3+ Kf8
30.Ke3 Bc4 31.Rf3 a5 32.h3 h5 33.Rff2 h4 34.Na4 Rd6 35.g3 hxg3 36.Rg2 f6
37.Rxg3 Kf7 38.Rdg2 e5 39.Rg7+ Ke6 40.fxe5 Rxd4 41.Nxb6 f4+ 42.Kf2 fxe5 43.Kg1 Bb5
44.a4 Bd3 45.Rg8 Rxg8 46.Rxg8 Re4 47.Re8+ Kf7 48.Rxe5  0-1

[Event "XXVII Belgrade Trophy"]
[Site "Obrenovac SRB"]
[Date "2013.11.30"]
[Round "7.18"]
[White "Stojkovic,NZ"]
[Black "Zivkovic,Nem"]
[Result "1-0"]
[WhiteElo "2104"]
[BlackElo "2308"]

1.e4 c5 2.c3 Nf6 3.e5 Nd5 4.d4 cxd4 5.cxd4 d6 6.f4 Bf5 7.a3 Nc6 8.Nc3 Nxc3
9.bxc3 e6 10.Nf3 Be7 11.Bd3 Bxd3 12.Qxd3 O-O 13.O-O Rc8 14.exd6 Qxd6 15.Ne5 Rfd8
16.Rf3 f5 17.Nxc6 Rxc6 18.Bd2 Bf6 19.Re3 Rdc8 20.Qe2 Ra6 21.a4 Qd5 22.Rb1 Rd6
23.Rb5 Qc6 24.Rc5 Qd7 25.Rxc8+ Qxc8 26.g4 fxg4 27.Qxg4 g6 28.h4 Kf7 29.h5 Qg8
30.Rg3 Rd5 31.Qf3 Rxh5 32.Qxb7+ Be7 33.Re3 g5 34.f5 Rh6 35.fxe6+ Kf8 36.Rf3+ Rf6
37.Rxf6+ Bxf6 38.Qc8+ Kg7 39.Qd7+ Kg6 40.e7  1-0

[Event "9th Ugra Governor's Cup B"]
[Site "Khanty-Mansiysk RUS"]
[Date "2013.12.01"]
[Round "4"]
[White "Yuzhakov,O"]
[Black "Zemerov,E"]
[Result "1-0"]
[WhiteElo "2332"]
[BlackElo "2027"]

1.e4 c5 2.c3 Nf6 3.e5 Nd5 4.Nf3 Nc6 5.d4 cxd4 6.cxd4 e6 7.Bc4 Nb6 8.Bb5 d6
9.O-O Be7 10.Nc3 O-O 11.Bf4 dxe5 12.dxe5 Nd5 13.Nxd5 Qxd5 14.Qxd5 exd5 15.Rac1 Bd7
16.Rfd1 a6 17.Rxd5 Be6 18.Bxc6 bxc6 19.Rd3 Bxa2 20.Rxc6 Rad8 21.Rxd8 Rxd8
22.h3 a5 23.Ra6 Bb4 24.Bd2 Bc4 25.Ra7 h6 26.Bxb4 axb4 27.Ra4 Rb8 28.Nd4 Bd5
29.b3 g5 30.f3 Kg7 31.Kf2 h5 32.Ra5 Be6 33.Ra7 Kg6 34.Ra6 Rc8 35.Ke3 Rc3+
36.Ke4 Kg7 37.Nxe6+ fxe6 38.Rxe6 Rxb3 39.Rb6 Rb2 40.Kf5 g4 41.Rb7+ Kh6 42.e6 gxh3
43.gxh3 b3 44.e7  1-0

[Event "9th Ugra Governor's Cup"]
[Site "Khanty-Mansiysk RUS"]
[Date "2013.12.01"]
[Round "4.11"]
[White "Yudin,S"]
[Black "Sjugirov,S"]
[Result "0-1"]
[WhiteElo "2548"]
[BlackElo "2641"]

1.e4 c5 2.c3 Nf6 3.e5 Nd5 4.Nf3 e6 5.d4 cxd4 6.cxd4 d6 7.Bc4 Be7 8.O-O O-O
9.Qe2 Nc6 10.Nc3 dxe5 11.dxe5 Nxc3 12.bxc3 Qa5 13.Bd2 Rd8 14.Bb3 b6 15.Qe4 Bb7
16.Rfe1 Rd7 17.Qg4 Rad8 18.Bh6 Bf8 19.Rac1 Ne7 20.Bf4 Bxf3 21.Qxf3 Ng6 22.Bg3 Bc5
23.h4 Rd3 24.Qg4 Rxc3 25.Rcd1 Rcd3 26.h5 R8d4 27.Re4 Rxg3 28.Qxg3 Rxe4 29.hxg6 hxg6
30.Rd8+ Bf8 31.f4 Qc5+ 32.Kh2 Qc1 33.Qd3 Qxf4+ 34.g3 Qh6+ 35.Kg2 Re1 36.Rxf8+ Kh7
37.Kf2 Qh1 38.Bc4 Rg1 39.Rxf7 Rg2+  0-1

[Event "73rd ch-ITA"]
[Site "Rome ITA"]
[Date "2013.12.01"]
[Round "10.5"]
[White "Godena,M"]
[Black "David,Alb"]
[Result "1/2-1/2"]
[WhiteElo "2501"]
[BlackElo "2580"]

1.e4 c5 2.c3 Nf6 3.e5 Nd5 4.Nf3 Nc6 5.d4 cxd4 6.cxd4 d6 7.Bc4 e6 8.O-O Be7
9.Bd2 O-O 10.Nc3 Nxc3 11.Bxc3 dxe5 12.dxe5 b6 13.Bd3 Bb7 14.Qc2  1/2-1/2

[Event "9th Ugra Governor's Cup B"]
[Site "Khanty-Mansiysk RUS"]
[Date "2013.12.02"]
[Round "5"]
[White "Yuzhakov,O"]
[Black "Musakaev,E"]
[Result "1-0"]
[WhiteElo "2332"]
[BlackElo "2327"]

1.e4 c5 2.c3 Nf6 3.e5 Nd5 4.Nf3 e6 5.d4 cxd4 6.cxd4 b6 7.Nc3 Nxc3 8.bxc3 Qc7
9.c4 Bb7 10.Be2 d6 11.O-O Nd7 12.Bf4 dxe5 13.Nxe5 Bd6 14.Qa4 Ke7 15.Rad1 Rhd8
16.Bg3 Nxe5 17.dxe5 Bxe5 18.Qa3+ Ke8 19.Qa4+ Kf8 20.Qa3+ Kg8 21.Bxe5 Qxe5
22.Qe7 Rf8 23.Rfe1 Rab8 24.Rd7 Bc6 25.Rxa7 Rbd8 26.Qb4 Qg5 27.Bf1 Rd4 28.Qxb6 Rxc4
29.Rc7 Qd5 30.a4 Rc2 31.a5 Ba4 32.Rxc2 Bxc2 33.Re2  1-0

[Event "34th El Corte Ingles"]
[Site "Las Palmas ESP"]
[Date "2013.12.02"]
[Round "1.5"]
[White "Ramirez Maillo,Cristian"]
[Black "Garcia Blanco,O"]
[Result "0-1"]
[WhiteElo "1599"]
[BlackElo "2287"]

1.e4 c5 2.c3 Nf6 3.e5 Nd5 4.d4 cxd4 5.cxd4 e6 6.Nf3 d6 7.Bd3 dxe5 8.dxe5 Nb4
9.Bb5+ Bd7 10.Bxd7+ Qxd7 11.Qxd7+ Nxd7 12.Na3 Nd3+ 13.Ke2 N3xe5 14.Be3 Nxf3
15.Kxf3 Bxa3 16.bxa3 Ke7 17.Rab1 b6 18.Rbc1 Rhc8 19.Rhd1 Nf6 20.Bg5 h6 21.Bxf6+ Kxf6
22.Ke2 Ke7 23.h4 Rxc1 24.Rxc1 Rd8 25.Rc7+ Rd7 26.Rc4 Kd6 27.Rg4 g6 28.h5 g5
29.Ke3 e5  0-1

[Event "Moscow Cup Final 2013"]
[Site "Moscow RUS"]
[Date "2013.12.03"]
[Round "5.2"]
[White "Babikov,I"]
[Black "Stegariu,V"]
[Result "1-0"]
[WhiteElo "2284"]
[BlackElo "2263"]

1.e4 c5 2.c3 Nf6 3.e5 Nd5 4.Nf3 Nc6 5.Bc4 Nb6 6.Bb3 d5 7.exd6 Qxd6 8.Na3 a6
9.O-O e6 10.d4 cxd4 11.cxd4 Be7 12.Qd3 Bd7 13.Bd2 Nb4 14.Qe2 Bc6 15.Ne5 Bd5
16.Bd1 Nc6 17.Qh5 O-O 18.Bc3 Nxe5 19.dxe5 Qc6 20.Nc2 Be4 21.Nd4 Qd7 22.Bb3 Nd5
23.Rad1 Nxc3 24.bxc3 Qc7 25.Qg4 Bg6 26.Nxe6 Qxe5 27.Nxf8 Bxf8 28.Rd7 Qb5
29.Qa4 Qf5 30.Rxb7 Bc5 31.Qd7 Qf6 32.Rc7 Bd6 33.Rc8+ Rxc8 34.Qxc8+ Bf8 35.Re1 Bf5
36.Qc7 Bd3 37.Re8 Bb5 38.Rd8 Qg6 39.Qb8 Be8 40.Bd1 Bc6 41.Rxf8+  1-0

[Event "9th Ugra Governor's Cup"]
[Site "Khanty-Mansiysk RUS"]
[Date "2013.12.04"]
[Round "7.23"]
[White "Belyakov,B"]
[Black "Savitskiy,S"]
[Result "1/2-1/2"]
[WhiteElo "2454"]
[BlackElo "2363"]

1.e4 c5 2.c3 Nf6 3.e5 Nd5 4.Nf3 Nc6 5.Bc4 Nb6 6.Bb3 d5 7.exd6 Qxd6 8.O-O c4
9.Bc2 Bg4 10.h3 Bh5 11.Re1 e6 12.Na3 Qd7 13.b3 Bxa3 14.Bxa3 O-O-O 15.Be4 Bg6
16.Bxc6 Qxc6 17.Ne5 Qd5 18.Be7 Rde8 19.bxc4 Nxc4 20.Nxc4 Qxc4 21.Bg5 f6 22.Be3 a6
23.Qb3 Qxb3 24.axb3 e5 25.Ra5 Re6 26.Rc1 Rd8 27.Re1 Rc6 28.Rc1 Bf7 29.b4 Bc4
30.f4 exf4 31.Bxf4 Rd5 32.Rxd5 Bxd5 33.Re1 Kd7 34.Kf2 Re6 35.Rxe6 Kxe6 36.g3 g5
37.Bc7 b5 38.Bd8 Ke5 39.Bc7+ Ke4 40.Bd8 Ke5  1/2-1/2

[Event "34th El Corte Ingles"]
[Site "Las Palmas ESP"]
[Date "2013.12.04"]
[Round "3.16"]
[White "Ramirez Maillo,Cristian"]
[Black "Saad Addin Quintana,S"]
[Result "0-1"]
[WhiteElo "1599"]
[BlackElo "1853"]

1.e4 c5 2.c3 Nf6 3.e5 Nd5 4.d4 e6 5.Nf3 cxd4 6.cxd4 d6 7.exd6 Bxd6 8.Nc3 O-O
9.Bd3 Nf6 10.O-O Nc6 11.a3 a6 12.Bc2 b5 13.Ne4 Be7 14.Qd3 g6 15.h4 Bb7 16.Nc5 Bxc5
17.dxc5 Qxd3 18.Bxd3 Na5 19.Be2 Nb3 20.Rb1 Be4 21.Be3 Bxb1 22.Rxb1 Nd5 23.Bd4 Rac8
24.Bd3 Nxd4 25.Nxd4 Rxc5 26.Nb3 Rc7 27.Kf1 Rfc8 28.g3 Kf8 29.Ke2 Ke7 30.Kf3 f5
31.Re1 Kf6 32.g4 e5 33.g5+ Ke6 34.Kg3 Kd6 35.h5 e4  0-1

[Event "9th Ugra Governor's Cup B"]
[Site "Khanty-Mansiysk RUS"]
[Date "2013.12.06"]
[Round "9"]
[White "Yuzhakov,O"]
[Black "Solcanean,S"]
[Result "1/2-1/2"]
[WhiteElo "2332"]
[BlackElo "2089"]

1.e4 c5 2.c3 Nf6 3.e5 Nd5 4.Nf3 e6 5.d4 cxd4 6.cxd4 b6 7.Bc4 Bb7 8.O-O Be7
9.Bxd5 exd5 10.Nc3 Na6 11.Nb5 O-O 12.Bf4 Nc7 13.Nd6 Bxd6 14.exd6 Ne6 15.Bg3 f6
16.a4 a5 17.Qd2 Bc6 18.Rfc1 Ra7 19.Ra3 Qa8 20.Qd3 g6 21.h4 Kg7 22.h5 g5 23.Qf5 Qe8
24.Rxc6 dxc6 25.Re3 Qxh5 26.Rxe6 Qg6 27.Qxg6+ hxg6 28.d7 Rxd7 29.Rxc6  1/2-1/2

[Event "5th Classic Open 2013"]
[Site "London ENG"]
[Date "2013.12.07"]
[Round "1.32"]
[White "Zumsande,M"]
[Black "Gschwendtner,S"]
[Result "1-0"]
[WhiteElo "2430"]
[BlackElo "1999"]

1.e4 c5 2.c3 Nf6 3.e5 Nd5 4.d4 cxd4 5.Nf3 Nc6 6.cxd4 e6 7.Bc4 d6 8.O-O Be7
9.Qe2 Qc7 10.Rd1 O-O 11.Bd2 Bd7 12.Nc3 Nxc3 13.Bxc3 dxe5 14.dxe5 Rfd8 15.Qe4 Be8
16.Bd3 g6 17.h4 Rd5 18.h5 Rad8 19.Be2 Rxd1+ 20.Rxd1 Rxd1+ 21.Bxd1 b5 22.Be2 Na5
23.Qa8 Bd8 24.Nd4 Nc4 25.Bxc4 bxc4 26.h6 Bd7 27.Bb4 Be8 28.Bd6 Qd7 29.Nb5 Bb6
30.Nc3 Qc6 31.Ne4 f5 32.Nf6+ Kf7 33.Qb8 g5 34.Nxh7 Qd5 35.Qxe8+ Kxe8 36.Nf6+ Kf7
37.Nxd5 exd5 38.e6+ Kxe6 39.Be5 d4 40.h7 Kxe5 41.h8=Q+ Ke4 42.Qe8+ Kd3 43.Qb5 Kc2
44.Qxc4+ Kxb2 45.Kf1 f4 46.Ke2  1-0

[Event "TCh-CZE Vychod 2013-14"]
[Site "Czech Rep CZE"]
[Date "2013.12.08"]
[Round "4.5"]
[White "Bujnoch,R"]
[Black "Skliba,M"]
[Result "1-0"]
[WhiteElo "2240"]
[BlackElo "2290"]

1.e4 c5 2.c3 Nf6 3.e5 Nd5 4.Bc4 Nb6 5.Bb3 c4 6.Bc2 Nc6 7.Nf3 Qc7 8.Qe2 g5
9.e6 dxe6 10.Nxg5 Qe5 11.d4 cxd3 12.Bxd3 Qxe2+ 13.Bxe2 Bg7 14.Ne4 O-O 15.O-O e5
16.Ng3 f5 17.Nh5 Bh8 18.Nd2 h6 19.Nc4 Nxc4 20.Bxc4+ Kh7 21.f4 Na5 22.Be2 e4
23.g4 e6 24.Be3 Bd7 25.Rad1 Be8 26.Ng3 Nc6 27.Rd6 Bf7 28.gxf5 Rad8 29.Rfd1 Rxd6
30.Rxd6 exf5 31.Nxf5 Bxa2 32.Rxh6+ Kg8 33.Nd6 Bd5 34.Rh5 Bf7 35.Rg5+ Kh7
36.Nxe4 Rd8 37.Rg3 Bg6 38.f5 Bxf5 39.Ng5+ Kg6 40.Ne6+  1-0

[Event "TCh-AUT 1st Bundesliga 2013-14"]
[Site "Jenbach AUT"]
[Date "2013.12.08"]
[Round "3.5"]
[White "Hresc,V"]
[Black "Felsberger,A"]
[Result "1/2-1/2"]
[WhiteElo "2410"]
[BlackElo "2358"]

1.e4 c5 2.c3 Nf6 3.d3 Nc6 4.Nd2 g6 5.Ngf3 Bg7 6.Be2 O-O 7.O-O d5 8.Qc2 e5
9.Rd1 h6 10.a4 Be6 11.Nf1 Rc8 12.Ng3 b6 13.h3 Qe7 14.b3 Nd7 15.Nh2 Kh7 16.exd5 Bxd5
17.Bf3 Bxf3 18.Nxf3 Rfd8 19.Re1 Nf8 20.Bb2 Ne6 21.Rad1 Kg8 22.Bc1 Rc7 23.Nd2 Rcd7
24.Nc4 Qh4 25.Re4 Qe7 26.Ree1 Qh4 27.Re4 Qe7 28.Ree1 Qh4  1/2-1/2

[Event "TCh-AUT 1st Bundesliga 2013-14"]
[Site "Jenbach AUT"]
[Date "2013.12.08"]
[Round "3.3"]
[White "Acs,Peter"]
[Black "Maksimenko,An"]
[Result "1/2-1/2"]
[WhiteElo "2564"]
[BlackElo "2547"]

1.e4 c5 2.c3 Nf6 3.e5 Nd5 4.d4 cxd4 5.Nf3 e6 6.cxd4 d6 7.Bc4 Nc6 8.O-O Be7
9.Bd2 O-O 10.Nc3 dxe5 11.dxe5 Nb6 12.Be2 Nd7 13.Bf4 g5 14.Be3 Ndxe5 15.Nxe5 Nxe5
16.Qb3 Bd7 17.Qxb7 Qb8 18.Qxb8 Raxb8 19.Rab1 Rb7 20.Ne4 Bb5 21.Bxb5 Rxb5
22.b4 Rxb4 23.Rxb4 Bxb4 24.Rc1 h6 25.Bxa7 f5 26.Ng3 Ra8 27.Bd4 Nd3 28.Rd1 Ra3
29.h3 Kf7 30.Ne2 e5 31.Bc3 e4 32.Bxb4 Nxb4 33.g4 fxg4  1/2-1/2

[Event "FSFMB December 2013"]
[Site "Budapest HUN"]
[Date "2013.12.09"]
[Round "3.5"]
[White "Ongut,Tamas Gunes"]
[Black "Bacsi,A"]
[Result "1-0"]
[WhiteElo "1481"]
[BlackElo "1831"]

1.e4 c5 2.c3 Nf6 3.e5 Nd5 4.d4 e6 5.Nf3 cxd4 6.cxd4 Nc6 7.Nc3 Nxc3 8.bxc3 d5
9.Be3 g6 10.Be2 Bg7 11.Qc2 O-O 12.O-O Bd7 13.Rab1 b6 14.Rfc1 Na5 15.Qd2 Rc8
16.Bh6 Nc4 17.Bxc4 Rxc4 18.Bxg7 Kxg7 19.Rb4 Bc6 20.Qd3 Rxb4 21.cxb4 Qd7 22.Qc3 Rc8
23.Qb2 h6 24.b5 Bb7 25.Rxc8 Qxc8 26.Nd2 g5 27.h3 Qc7 28.g3 Bc8 29.f4 gxf4
30.gxf4 f6 31.Kg2 fxe5 32.fxe5 Bd7 33.Nf3 Be8 34.Qf2 Kh7 35.Qb2 Qc4 36.Qa3 Qc7
37.Qd6 Qd7 38.a4 Kg6 39.Kg3 Kf5 40.Qf8+ Qf7 41.Qxh6 Qg6+ 42.Qxg6+ Kxg6 43.Kg4 Kh6
44.Ng5 Bh5+ 45.Kf4 Bd1 46.Nxe6 Bxa4 47.Nc7 Kg6 48.h4 Kf7 49.h5  1-0

[Event "5th Penang Open 2013"]
[Site "George Town MAS"]
[Date "2013.12.11"]
[Round "4.29"]
[White "Yeoh Chin Seng"]
[Black "Masters,C"]
[Result "1-0"]
[WhiteElo "2134"]
[BlackElo "1759"]

1.e4 c5 2.c3 Nf6 3.e5 Nd5 4.d4 e6 5.Nf3 cxd4 6.cxd4 d6 7.Bc4 Qc7 8.Bxd5 exd5
9.Nc3 Qc4 10.Bf4 Nc6 11.exd6 Be6 12.Qe2 Nxd4 13.Nxd4 Qxd4 14.Be5 Qc4 15.Qxc4 dxc4
16.O-O f6 17.Bg3 a6 18.Rfe1 Kf7 19.Rad1 g6 20.Ne4 b6 21.Nxf6 Bg7 22.Ne4 h6
23.Re2 Rhd8 24.f3 Rd7 25.Bf2 Rb8 26.Bd4 Bxd4+ 27.Rxd4 Rbd8 28.g4 g5 29.Red2 Rc8
30.a3 b5 31.Kf2 a5 32.Kg3 b4 33.axb4 axb4 34.h4 Kg6 35.hxg5 hxg5 36.Rh2 c3
37.bxc3 bxc3 38.Rc2 Ra7 39.Rxc3 Rxc3 40.Nxc3 Bd7 41.Ne4 Ra5 42.Rc4 Rd5 43.Rc5 Rd4  1-0

[Event "5th Classic Open 2013"]
[Site "London ENG"]
[Date "2013.12.11"]
[Round "5.60"]
[White "Seymour,T"]
[Black "White,D"]
[Result "1-0"]
[WhiteElo "2094"]
[BlackElo "1915"]

1.e4 c5 2.c3 Nf6 3.e5 Nd5 4.Nf3 Nc6 5.Bc4 Nb6 6.Bb3 e6 7.d4 cxd4 8.cxd4 d6
9.Qe2 dxe5 10.dxe5 Bb4+ 11.Nc3 Nd5 12.Bd2 Nxc3 13.bxc3 Be7 14.Rd1 Qc7 15.O-O O-O
16.Rfe1 Bd7 17.Qe4 Na5 18.Bc2 g6 19.Bg5 Bc6 20.Qh4 Rfe8 21.Bxe7 Qxe7 22.Ng5 h5
23.Rd3 f5 24.exf6 Qxf6 25.Rg3 Rf8 26.Rge3 Bd7 27.Qg3 Rae8 28.Ne4 Qf5 29.Rf3 Rf7
30.Rxf5 exf5 31.Qxg6+ Kh8 32.Qxf7  1-0

[Event "2nd Kurdistan Open 2013"]
[Site "Erbil IRQ"]
[Date "2013.12.12"]
[Round "1.1"]
[White "Tiviakov,S"]
[Black "Darya,Modeer Hamad"]
[Result "1-0"]
[WhiteElo "2658"]
[BlackElo "1847"]

1.e4 c5 2.c3 Nf6 3.e5 Nd5 4.Nf3 e6 5.Bc4 Nb6 6.Bb3 Nc6 7.O-O d6 8.exd6 Bxd6
9.d4 cxd4 10.Nxd4 Nxd4 11.Qxd4 Qc7 12.Qxg7 Bxh2+ 13.Kh1 Be5 14.Qg5 Bd7 15.Nd2 Bc6
16.Re1 Bf4 17.Qf6 Rg8 18.Rxe6+ Kf8 19.Nf3 Rg6 20.Bxf4 Rxf6 21.Rxf6 Qd7 22.Rd1 Nd5
23.Bxd5 Bxd5 24.Rd6 Qg4 25.Bh6+ Kg8 26.R1xd5 f5 27.Rd8+  1-0

[Event "5th Penang Open 2013"]
[Site "George Town MAS"]
[Date "2013.12.12"]
[Round "6.27"]
[White "Yeoh Chin Seng"]
[Black "Ooi,Zhi Yang"]
[Result "1/2-1/2"]
[WhiteElo "2134"]
[BlackElo "1803"]

1.e4 c5 2.c3 Nf6 3.e5 Nd5 4.d4 cxd4 5.cxd4 e6 6.Nf3 d6 7.Bc4 Be7 8.O-O O-O
9.Qe2 Nc6 10.Nc3 dxe5 11.dxe5 Nxc3 12.bxc3 Qc7 13.Qe4 g6 14.Bd3 Rd8 15.Bh6 b6
16.Rad1 Bb7 17.Qf4 Rd5 18.Rfe1 Rad8 19.Bc2 Na5 20.Rxd5 Rxd5 21.Ng5 Bxg5 22.Qxg5 Qxc3
23.Rf1 Nc6 24.f4 Qe3+ 25.Kh1 Qe2 26.Rg1 Qh5 27.Qxh5 gxh5 28.h4 Ne7 29.Be4 Rd7
30.Bxb7 Rxb7 31.g4 Kh8 32.gxh5 Nf5 33.Bg5 h6 34.Bf6+ Kh7 35.Kh2 Rd7 36.Rg2 Rd3
37.Rc2 Ng3 38.Rc7 Nxh5 39.Rxf7+ Kg6 40.Rxa7 Nxf4 41.Rg7+ Kf5 42.Rb7 Nd5 43.Bg7 h5
44.Ra7 Kg4 45.Ra4+ Kf5 46.Ra8 Nf4 47.Bf6 Ng6 48.Ra6 Rd2+ 49.Kg3 Rb2 50.Ra7 Nxe5
51.Bxe5 Kxe5 52.Rh7 Rxa2 53.Rxh5+ Kd6  1/2-1/2

[Event "5th Classic Open 2013"]
[Site "London ENG"]
[Date "2013.12.12"]
[Round "6.41"]
[White "Seymour,T"]
[Black "Bates,Ri"]
[Result "0-1"]
[WhiteElo "2094"]
[BlackElo "2338"]

1.e4 c5 2.c3 Nf6 3.e5 Nd5 4.Nf3 Nc6 5.Bc4 e6 6.d4 cxd4 7.cxd4 d6 8.Qe2 dxe5
9.dxe5 Na5 10.Bd3 Bb4+ 11.Kf1 Be7 12.Nc3 Nxc3 13.bxc3 Bd7 14.h4 Qc7 15.Bd2 Rc8
16.Ng5 Nc4 17.Bf4 Nb6 18.Bd2 h6 19.Qh5 Rf8 20.Nh7 Rh8 21.Rh3 Nc4 22.Bf4 Nb2
23.Be4 Qc4+ 24.Qe2 Qxe2+ 25.Kxe2 Rc4 26.Kf3 Bc6 27.Bxc6+ Rxc6 28.Rb1 Rxc3+
29.Be3 Nc4 30.Rxb7 Rxh7 31.Rxa7 Nxe5+ 32.Ke4 Bd6 33.Ra8+ Kd7 34.Ra7+ Rc7
35.Rxc7+ Bxc7 36.Bf4 f5+  0-1

[Event "5th Classic Open 2013"]
[Site "London ENG"]
[Date "2013.12.13"]
[Round "7.47"]
[White "Steil Antoni,F"]
[Black "Prior,Stephen C V"]
[Result "1/2-1/2"]
[WhiteElo "2190"]
[BlackElo "2031"]

1.e4 c5 2.c3 Nf6 3.e5 Nd5 4.d4 cxd4 5.cxd4 Nc6 6.Nc3 Nb6 7.f4 d5 8.Nf3 Bg4
9.Be2 e6 10.O-O Rc8 11.Kh1 h5 12.Ng5 Bxe2 13.Nxe2 g6 14.h4 Ne7 15.Ng3 Nf5
16.Nxf5 gxf5 17.a4 a5 18.Rf3 Bb4 19.Bd2 Bxd2 20.Qxd2 Nc4 21.Qe2 Qb6 22.b3 Qxd4
23.Rd1 Qb2 24.Qxb2 Nxb2 25.Rd2 Rc1+ 26.Kh2 Rb1 27.Rc2 O-O 28.Rc7 Nd1 29.Rxb7 d4
30.Rd7 Ne3 31.Rxd4 Rxb3 32.Kh3 Rc8 33.Rg3 Kf8 34.Nh7+ Ke7 35.Nf6 Rd8 36.Rxd8 Kxd8
37.Nxh5 Rc3 38.Nf6 Nd1 39.h5 Ke7 40.h6 Rxg3+ 41.Kxg3 Kf8 42.Kh4 Nc3 43.Nd7+ Kg8
44.Nc5 Kh7 45.Kh5 Kg8 46.g4 fxg4 47.Kxg4 Kh7 48.Kg5 Kg8 49.f5 exf5 50.Kxf5 Nd5
51.Nb7 Nb6 52.Nd8 Nxa4 53.Kf6 Nc3 54.h7+ Kxh7 55.Kxf7 Ne4 56.Nc6 Kh6 57.Nd4 Ng5+
58.Kf6 Ne4+ 59.Ke7 Kg6 60.Kd7 Nc5+ 61.Kc6 Ne4 62.Kd5 Ng5 63.Ne6 Nh7 64.Nf4+ Kf7
65.Ne6 Nf6+ 66.Kd6 Ne8+ 67.Kd7 Nf6+ 68.exf6 Kxf6  1/2-1/2

[Event "Al-Ain Classic Open A 2013"]
[Site "Al-Ain UAE"]
[Date "2013.12.20"]
[Round "2.30"]
[White "Mezioud,A"]
[Black "Sharbaf,M"]
[Result "0-1"]
[WhiteElo "2048"]
[BlackElo "2424"]

1.e4 c5 2.c3 Nf6 3.e5 Nd5 4.d4 cxd4 5.cxd4 d6 6.exd6 e6 7.Nc3 Bxd6 8.Nf3 Nc6
9.Bc4 Nce7 10.O-O O-O 11.Bb3 b6 12.Re1 Bb7 13.Ne5 Rc8 14.Bd2 Bb8 15.Rc1 Nf5
16.Nxd5 Rxc1 17.Bxc1 Bxd5 18.Ba4 Qc7 19.Bf4 Qb7 20.g3 Rd8 21.Bc2 Bxa2 22.b3 Nxd4
23.Be4 Qd7  0-1